For love and honey 2024 / directed by Kevin Fair; produced by Colin Azzopardi, Cristian Daniel Bolocan, Oneida Crawford, Kevin Fair, Aren Prupas, Jesse Prupas, Michelle Ricci, Evan Tussman; written by Caitlyn D. Reyes, Michelle Ricci. (Record no. 20678)

000 -LEADER
fixed length control field 01005nam a22002177a 4500
008 - FIXED-LENGTH DATA ELEMENTS--GENERAL INFORMATION
fixed length control field 250523b xxu||||| |||| 00| 0 eng d
082 ## - DEWEY DECIMAL CLASSIFICATION NUMBER
Classification number 791.4372
Item number L8971
245 ## - TITLE STATEMENT
Title For love and honey 2024 / directed by Kevin Fair; produced by Colin Azzopardi, Cristian Daniel Bolocan, Oneida Crawford, Kevin Fair, Aren Prupas, Jesse Prupas, Michelle Ricci, Evan Tussman; written by Caitlyn D. Reyes, Michelle Ricci.
260 ## - PUBLICATION, DISTRIBUTION, ETC. (IMPRINT)
Place of publication, distribution, etc United States :
Name of publisher, distributor, etc Hallmark Channel,
Date of publication, distribution, etc 2024.
300 ## - PHYSICAL DESCRIPTION
Extent 1 videofile, (ca. 84 mins.).
520 ## - SUMMARY, ETC.
Summary, etc Beekeeper Eva uncovers an ancient fresco while rescuing a hive. Austen, a visiting archeologist, thinks it is key to his research, so he persuades Eva to help him on his quest across Malta.
546 ## - LANGUAGE NOTE
Language note In English subtitle.
650 ## - SUBJECT ADDED ENTRY--TOPICAL TERM
Topical term or geographic name as entry element Romance.
650 ## - SUBJECT ADDED ENTRY--TOPICAL TERM
Topical term or geographic name as entry element Drama.
650 ## - SUBJECT ADDED ENTRY--TOPICAL TERM
Topical term or geographic name as entry element Comedy.
700 ## - ADDED ENTRY--PERSONAL NAME
Personal name Fair, Kevin, director & producer.
700 ## - ADDED ENTRY--PERSONAL NAME
Personal name Walker, Andrew W., star.
700 ## - ADDED ENTRY--PERSONAL NAME
Personal name Clunie, Margaret, star.
700 ## - ADDED ENTRY--PERSONAL NAME
Personal name Vilanova, Amanda, star.
942 ## - ADDED ENTRY ELEMENTS (KOHA)
Source of classification or shelving scheme
Item type Audio-Visual Materials
Holdings
Source of acquisition Price effective from Permanent location Date last seen Not for loan Date acquired Source of classification or shelving scheme Koha item type Collection code Shelving location Damaged status Lost status Withdrawn status Current location Full call number
Donation2025-05-27Cagayan State University - Carig Library2025-05-27 2025-05-27 Audio-Visual MaterialsElectronic Media CenterElectronic Media Center   Cagayan State University - Carig Library791.4372 L8971

Cagayan State University University Library, Carig Campus
Tuguegarao City, Cagayan 3500 | www.csucarig.edu.ph

Powered by Koha